Mannai Investment Co Ltd v Eagle Star Life Assurance Co Ltd (Record no. 49705)

MARC details
000 -LEADER
fixed length control field 01682cab a2200301 4500
001 - CONTROL NUMBER
control field ABS57166
008 - FIXED-LENGTH DATA ELEMENTS--GENERAL INFORMATION
fixed length control field 090401t1997 xxu||||| |||| 00| 0 eng d
035 ## - SYSTEM CONTROL NUMBER
System control number (Sirsi) u79090
041 ## - LANGUAGE CODE
Language code of text/sound track or separate title eng
245 ## - TITLE STATEMENT
Title Mannai Investment Co Ltd v Eagle Star Life Assurance Co Ltd
260 ## - PUBLICATION, DISTRIBUTION, ETC.
Date of publication, distribution, etc. 1997
350 ## - PRICE (NR) (BK AM CF MU VM SE) [OBSOLETE]
Price 0
490 ## - SERIES STATEMENT
Series statement Estates Gazette
Volume/sequential designation [1997] 24 EG 122-131; [1997] 25 EG 138-142(15)
520 ## - SUMMARY, ETC.
Summary, etc. HL 21 May 1997. The tenant (E) held two leases for a 10-year term from the landlord (M). In each lease it stated that the tenant might determine the lease by serving a notice of not less than six months expiring on the 3rd anniversary of the commencement date. E served notices expiring on 12 January 1995. M claimed that as the commencement date was 13 January 1992 these were ineffective. This was upheld up CA and E appealed. This was allowed by HL on the grounds that the purpose of a notice under a break clause must not be lost sight of. In this case it was obvious what the intention of the notice had been and a reasonable recipient would not have been perplexed by the minor error. It was also held that the rigid rule in "Hankey v Clavering" (1942 2 KB 326) should be replaced by that in "Carradine Properties Ltd v Aslam" (1976 1 WLR 442).
650 ## - SUBJECT ADDED ENTRY--TOPICAL TERM
Topical term or geographic name entry element BREAK CLAUSES
650 ## - SUBJECT ADDED ENTRY--TOPICAL TERM
Topical term or geographic name entry element CAR PARKS
650 ## - SUBJECT ADDED ENTRY--TOPICAL TERM
Topical term or geographic name entry element CARRADINE PROPERTIES LTD V ASLAM
650 ## - SUBJECT ADDED ENTRY--TOPICAL TERM
Topical term or geographic name entry element COMMENCEMENT DATE
650 ## - SUBJECT ADDED ENTRY--TOPICAL TERM
Topical term or geographic name entry element DETERMINATION OF LEASE
650 ## - SUBJECT ADDED ENTRY--TOPICAL TERM
Topical term or geographic name entry element EXPIRY DATE
650 ## - SUBJECT ADDED ENTRY--TOPICAL TERM
Topical term or geographic name entry element HANKEY V CLAVERING
650 ## - SUBJECT ADDED ENTRY--TOPICAL TERM
Topical term or geographic name entry element NOTICE PERIOD
650 ## - SUBJECT ADDED ENTRY--TOPICAL TERM
Topical term or geographic name entry element SERVING NOTICES
650 ## - SUBJECT ADDED ENTRY--TOPICAL TERM
Topical term or geographic name entry element TIME LIMITS
690 ## - LOCAL SUBJECT ADDED ENTRY--TOPICAL TERM (OCLC, RLIN)
Topical term or geographic name as entry element LANDLORD AND TENANT-CASE LAW-BUSINESS TENANCIES
942 ## - ADDED ENTRY ELEMENTS (KOHA)
Suppress in OPAC 0
948 ## - LOCAL PROCESSING INFORMATION (OCLC); SERIES PART DESIGNATOR (RLIN)
c (OCLC) 20/06/1997
Holdings
Withdrawn status Lost status Source of classification or shelving scheme Damaged status Not for loan Home library Current library Shelving location Date acquired Total Checkouts Full call number Barcode Date last seen Copy number Price effective from Koha item type
    Dewey Decimal Classification     London London Journal article 14/09/1999   ABS57166 79090-1001 06/08/2019 1 06/08/2019 Law report